00476nam a2200133Ia 4500008004100000082001900041245004100060260002000101300001000121440002100131650006800152952010500220999001700325120622s9999 xx 000 0 und d a972 C581m 1958 aCiudades mayas : guía oficial INAH aMéxico : INAH a85 p. aGuías del INAH a1. MAYAS - GUIAS DE VIAJEROS \ 2. MEXICO - GUIAS DE VIAJEROSÌ 00104070a22b22d2007-01-25l1o972 C581M 1958p01 006387r2014-09-04s2014-09-04w2012-06-24yLB c55291d55291